Monasterio de las Descalzas Reales (Record no. 7960)

MARC details
000 -CABECERA
campo de control de longitud fija 00953nam a2200265 a 4500
001 - NÚMERO DE CONTROL
campo de control BRCA_8292
005 - FECHA Y HORA DE LA ÚLTIMA TRANSACCIÓN
campo de control 20190320210220.0
008 - DATOS DE LONGITUD FIJA--INFORMACIÓN GENERAL
campo de control de longitud fija 130614s1961----sp-a###f##---#000-0#spa-#
041 ## - CÓDIGO DE LENGUA
Código de lengua del texto/banda sonora o título independiente spa
044 ## - CÓDIGO DEL PAÍS DE LA ENTIDAD EDITORA/PRODUCTORA
Código MARC del país sp
050 #4 - SIGNATURA TOPOGRÁFICA DE LA BIBLIOTECA DEL CONGRESO
Número de clasificación BX2656
Número de documento/Ítem .M66 2 1961
245 10 - MENCIÓN DE TÍTULO
Título Monasterio de las Descalzas Reales
Resto del título guía turística
Mención de responsabilidad, etc. comentarios y notas por P. Junqueira de la Vega y M. Teresa Ruíz Alcon.
260 ## - PUBLICACIÓN, DISTRIBUCIÓN, ETC.
Lugar de publicación, distribución, etc. Madrid
Nombre del editor, distribuidor, etc. Patrimonio Nacional
Fecha de publicación, distribución, etc. 1961
300 ## - DESCRIPCIÓN FÍSICA
Extensión 45 p.
Otras características físicas il. (algunas a color), 1 mapa, 44 láminas
Dimensiones 17 cm.
440 #0 - MENCIÓN DE SERIE/PUNTO DE ACCESO ADICIONAL--TÍTULO
Título Guías turísticas. Patrimonio nacional
Designación de volumen o secuencia 7
9 (RLIN) 20704
500 ## - NOTA GENERAL
Nota general Ejemplar igual CFG84
500 ## - NOTA GENERAL
Nota general S91
610 24 - PUNTO DE ACCESO ADICIONAL DE MATERIA--NOMBRE DE ENTIDAD CORPORATIVA
Nombre de entidad corporativa o nombre de jurisdicción como elemento de entrada Monasterio de las Descalzas Reales
Subdivisión de forma Guías
Subdivisión geográfica Madrid, España
9 (RLIN) 12268
650 14 - PUNTO DE ACCESO ADICIONAL DE MATERIA--TÉRMINO DE MATERIA
Término de materia o nombre geográfico como elemento de entrada Arte y religión
Subdivisión geográfica España
9 (RLIN) 20705
650 14 - PUNTO DE ACCESO ADICIONAL DE MATERIA--TÉRMINO DE MATERIA
Término de materia o nombre geográfico como elemento de entrada Arquitectura religiosa
Subdivisión geográfica España
9 (RLIN) 7863
700 1# - PUNTO DE ACCESO ADICIONAL--NOMBRE DE PERSONA
Nombre de persona Junqueira de la Vega, Paulina
9 (RLIN) 12270
700 1# - PUNTO DE ACCESO ADICIONAL--NOMBRE DE PERSONA
Nombre de persona Ruíz Alcon, María Teresa
9 (RLIN) 2875
902 ## - CATALOGADOR
Iniciales GFM
942 ## - ELEMENTOS DE PUNTO DE ACCESO ADICIONAL (KOHA)
Fuente del sistema de clasificación o colocación Library of Congress Classification
Tipo de ítem Koha Libros
Holdings
Estado de retiro Estado de pérdida Estado dañado No para préstamo Localización permanente Ubicación/localización actual Fecha de adquisición Número de inventario Total de préstamos Signatura topográfica completa Código de barras Fecha visto por última vez Precio válido a partir de Tipo de ítem Koha
El ejemplar forma parte de la colección y puede ser consultado según las políticas vigentes.       Biblioteca del Museo Franz Mayer (Rogerio Casas-Alatriste) Biblioteca del Museo Franz Mayer (Rogerio Casas-Alatriste) 13/06/2014 S91   BX2656 .M66 2 1961 (S91) 8916 22/03/2019 22/03/2019 Libros